000 01234nam a22003137a 4500
003 OSt
005 20260310101105.0
008 20206b 2020 dr a 00| 0 spa d
020 _a9789945095913
040 _aDO-SdBNP
_bspa
_cBNPHU
082 4 _a306.097293
_bR789r, 2020
_222
100 1 0 _a Rosario Fernández, Reina C.
_911091
245 1 0 _aRaíces de la identidad dominicana /
_cReina Rosario ; edición al cuidado de Avelino Stanley.
250 _a3a. ed. revisada y ampliada
260 _aSanto Domingo :
_bCocolo,
_c2020
300 _a289 p. :
_bil.; mapas, retrs. ;
_c24 cm.
500 _aIncluye datos biográficos del autor en las solapas
500 _aIncluye índice onomástico
500 _aIncluye referencias bibliográficas y notas al pie de las páginas
590 _aInventariado, 2021 / DG
650 4 _aEtnicidad
_91983
650 0 _aConciencia de raza
_zRepública Dominicana
_979919
650 4 _aCaracterísticas nacionales dominicanas
_979920
650 4 _aIdentidad Cultural
_zRepública Dominicana
_977773
651 4 _aRepública Dominicana
_xCaracterísticas nacionales
_91720
700 1 _aStanley, Avelino,
_d1959-
_eeditor
_91536
910 _aValidado. Control de calidad MFF
942 _2ddc
_cLBS1
999 _c49372
_d49372